Automata Theory, Languagees,and Computation/ (Record no. 8421)

MARC details
000 -LEADER
fixed length control field 00554nam a22002057a 4500
003 - CONTROL NUMBER IDENTIFIER
control field OSt
005 - DATE AND TIME OF LATEST TRANSACTION
control field 20240612120648.0
008 - FIXED-LENGTH DATA ELEMENTS--GENERAL INFORMATION
fixed length control field 240612b |||||||| |||| 00| 0 eng d
020 ## - INTERNATIONAL STANDARD BOOK NUMBER
International Standard Book Number 0321476174
040 ## - CATALOGING SOURCE
Transcribing agency MUST.
082 ## - DEWEY DECIMAL CLASSIFICATION NUMBER
Classification number 511.35 HOP 2007
100 ## - MAIN ENTRY--PERSONAL NAME
Personal name Hopcroft John E... (et al)
9 (RLIN) 17114
245 ## - TITLE STATEMENT
Title Automata Theory, Languagees,and Computation/
250 ## - EDITION STATEMENT
Edition statement Third Edition
260 ## - PUBLICATION, DISTRIBUTION, ETC. (IMPRINT)
Place of publication, distribution, etc. New York
Name of publisher, distributor, etc. Peason Addison Wesley
Date of publication, distribution, etc. 2007
300 ## - PHYSICAL DESCRIPTION
Extent xvii,5359p:
Other physical details ill.;
Dimensions 23.4cm
504 ## - BIBLIOGRAPHY, ETC. NOTE
Bibliography, etc Index.
650 ## - SUBJECT ADDED ENTRY--TOPICAL TERM
Topical term or geographic name as entry element Mathematics
942 ## - ADDED ENTRY ELEMENTS (KOHA)
Source of classification or shelving scheme Dewey Decimal Classification
Koha item type Open Shelf
Holdings
Withdrawn status Lost status Source of classification or shelving scheme Damaged status Not for loan Home library Current library Source of acquisition Inventory number Total Checkouts Full call number Barcode Date last seen Koha item type Date acquired Price effective from
    Dewey Decimal Classification     MUST Main Library MUST Main Library Donation 09/31844   511.35 HOP 2007 2024-20361 12/06/2024 Open Shelf    
    Dewey Decimal Classification     MUST Main Library MUST Main Library Donation 09/31845   511.35 HOP 2007 2024-20363 12/06/2024 Open Shelf 12/06/2024 12/06/2024